Casa collage: un ensayo sobre la arquitectura de la casa

Uloženo v:
Podrobná bibliografie
Hlavní autoři: Monteys, Xavier (autor), Fuertes, Pere (Autor)
Médium: Kniha
Jazyk:španělština
Vydáno: Barcelona Gustavo Gili 2001
Vydání:1a. ed
Témata:
Tagy: Přidat tag
Žádné tagy, Buďte první, kdo vytvoří štítek k tomuto záznamu!

MARC

LEADER 00000cam a2200000 a 4500
001 UCD2021
003 CL-VaPUC
005 20230816134610.0
008 160407e20010000sp |||||||||||||||||spa|d
999 |c 363227  |d 363225 
020 |a 9788425227820 
040 |c Pontificia Universidad Católica de Valparaíso 
082 0 4 |a 728  |b MON  |2 21 
100 |a Monteys, Xavier  |e autor  |9 585257 
245 1 0 |a Casa collage: un ensayo sobre la arquitectura de la casa 
250 |a 1a. ed 
260 |a Barcelona  |b Gustavo Gili  |c 2001 
300 |a 151 p 
583 |a last modification  |c 20160408 10:23:14  |k Rodrigo Vera 
650 0 |a Arquitectura residencial  |9 882370  |x Guías  |v Ensayo 
650 0 |a Formas de habitar  |9 882372  |x Casas 
650 0 |a Modos de habitar  |9 882373  |x Usos 
650 0 |a Arquitectura de la casa  |9 882374  |x Usos  |v Observaciones 
700 0 |a Fuertes, Pere  |e author  |9 585258 
942 |c BK  |2 ddc 
945 |d 20160407 22:06:00  |a arojas 
952 |0 0  |1 0  |3 erb  |4 0  |6 728_000000000000000_MON_2001  |7 0  |8 R  |9 475113  |a BIBARQ  |b BIBARQ  |i 5280923  |l 4  |o 728 MON 2001  |p 5280923  |r 2025-04-04  |s 2025-04-01  |w 2019-11-24  |y BK_R  |z Catalogado en:20160407  |k ARQ